Statistics for Largest Countries Bordering a Random Country

Click here to take the quiz!

General Stats

  • This quiz has been taken 524 times
  • The average score is 19 of 20

Answer Stats

HintAnswer% Correct
KosovoAlbania
100%
NigerAlgeria
100%
ZambiaAngola
100%
BoliviaArgentina
100%
ParaguayArgentina
100%
ChileArgentina
100%
LatviaBelarus
100%
ArgentinaBolivia
100%
GuyanaBrazil
100%
PeruBrazil
100%
VenezuelaBrazil
100%
BoliviaBrazil
100%
SurinameBrazil
100%
ArgentinaBrazil
100%
GreeceBulgaria
100%
RomaniaBulgaria
100%
SerbiaBulgaria
100%
North MacedoniaBulgaria
100%
TogoBurkina Faso
100%
GabonCameroon
100%
RussiaChina
100%
VietnamChina
100%
MyanmarChina
100%
TajikistanChina
100%
North KoreaChina
100%
PakistanChina
100%
IndiaChina
100%
VenezuelaColombia
100%
Bosnia and
Herzegovina
Croatia
100%
UgandaD.R. Congo
100%
ZambiaD.R. Congo
100%
Republic of the CongoD.R. Congo
100%
South SudanD.R. Congo
100%
AngolaD.R. Congo
100%
RwandaD.R. Congo
100%
EritreaEthiopia
100%
SomaliaEthiopia
100%
SwitzerlandFrance
100%
SurinameFrance
100%
GermanyFrance
100%
BelgiumFrance
100%
SpainFrance
100%
LuxembourgFrance
100%
SwitzerlandGermany
100%
AustriaGermany
100%
BelgiumGermany
100%
Czech RepublicGermany
100%
TogoGhana
100%
North MacedoniaGreece
100%
AlbaniaGreece
100%
MexicoGuatemala
100%
HondurasGuatemala
100%
GuatemalaHonduras
100%
MyanmarIndia
100%
PakistanIndia
100%
MalaysiaIndonesia
100%
TurkeyIran
100%
ArmeniaIran
100%
Saudi ArabiaIraq
100%
TurkeyIraq
100%
SloveniaItaly
100%
RussiaKazakhstan
100%
SomaliaKenya
100%
ChadLibya
100%
ThailandMalaysia
100%
IndonesiaMalaysia
100%
Ivory CoastMali
100%
GuineaMali
100%
SenegalMali
100%
ZimbabweMozambique
100%
ThailandMyanmar
100%
HondurasNicaragua
100%
Burkina FasoNiger
100%
BeninNiger
100%
NigeriaNiger
100%
BeninNigeria
100%
AlbaniaNorth Macedonia
100%
IranPakistan
100%
IndonesiaPapua New Guinea
100%
ChilePeru
100%
BrazilPeru
100%
GermanyPoland
100%
GabonRepublic of the Congo
100%
BulgariaRomania
100%
SerbiaRomania
100%
KazakhstanRussia
100%
GeorgiaRussia
100%
UkraineRussia
100%
FinlandRussia
100%
LithuaniaRussia
100%
NorwayRussia
100%
AzerbaijanRussia
100%
LatviaRussia
100%
North KoreaRussia
100%
ChinaRussia
100%
BelarusRussia
100%
OmanSaudi Arabia
100%
KosovoSerbia
100%
Bosnia and
Herzegovina
Serbia
100%
MozambiqueSouth Africa
100%
ZimbabweSouth Africa
100%
NamibiaSouth Africa
100%
EthiopiaSouth Sudan
100%
FranceSpain
100%
EthiopiaSudan
100%
EritreaSudan
100%
EgyptSudan
100%
South SudanSudan
100%
ChadSudan
100%
RwandaTanzania
100%
UgandaTanzania
100%
MozambiqueTanzania
100%
CambodiaThailand
100%
ArmeniaTurkey
100%
GeorgiaTurkey
100%
IranTurkey
100%
GreeceTurkey
100%
BulgariaTurkey
100%
RomaniaUkraine
100%
BelarusUkraine
100%
HungaryUkraine
100%
CambodiaVietnam
100%
Saudi ArabiaYemen
100%
OmanYemen
100%
IndiaPakistan
93%
LuxembourgGermany
92%
AustriaItaly
92%
AngolaNamibia
92%
LibyaAlgeria
91%
KyrgyzstanChina
91%
KazakhstanChina
91%
MontenegroCroatia
91%
KyrgyzstanKazakhstan
91%
EgyptLibya
91%
MaliNiger
91%
SlovakiaPoland
91%
MontenegroSerbia
91%
LibyaSudan
91%
SyriaTurkey
91%
NamibiaBotswana
90%
AfghanistanChina
90%
AfghanistanIran
90%
FinlandSweden
90%
ItalyAustria
89%
ItalyFrance
89%
IraqIran
89%
VietnamLaos
89%
SudanLibya
89%
GuatemalaMexico
89%
Republic of the CongoAngola
88%
BrazilArgentina
88%
South AfricaBotswana
88%
ColombiaBrazil
88%
FranceBrazil
88%
PeruColombia
88%
ChinaIndia
88%
South AfricaNamibia
88%
ColombiaPeru
88%
LithuaniaPoland
88%
MexicoUnited States
88%
Democratic Republic
of the Congo
Angola
87%
ParaguayBrazil
86%
BurundiD.R. Congo
86%
NigerLibya
86%
AlgeriaNiger
86%
NorwaySweden
86%
BurundiTanzania
86%
KenyaEthiopia
85%
KenyaTanzania
85%
Ivory CoastBurkina Faso
83%
LaosChina
83%
TanzaniaD.R. Congo
83%
TanzaniaMozambique
83%
GuyanaVenezuela
83%
MaliAlgeria
82%
SyriaIran
82%
GhanaIvory Coast
82%
SlovakiaUkraine
82%
AzerbaijanIran
80%
TurkmenistanIran
80%
GuineaIvory Coast
80%
UzbekistanKazakhstan
80%
Burkina FasoMali
80%
SenegalMauritania
80%
MalaysiaThailand
80%
SudanChad
78%
Czech RepublicPoland
78%
IraqSaudi Arabia
78%
MauritaniaAlgeria
75%
IsraelEgypt
75%
MauritaniaMali
75%
CameroonNigeria
75%
UkrainePoland
75%
HungaryRomania
75%
PolandRussia
75%
IsraelSyria
75%
GhanaBurkina Faso
73%
Democratic Republic
of the Congo
Tanzania
73%
NigeriaChad
71%
AlgeriaLibya
71%
SpainPortugal
71%
CroatiaSerbia
71%
UzbekistanAfghanistan
70%
TurkmenistanKazakhstan
70%
LiberiaGuinea
69%
LiberiaIvory Coast
69%
Central African RepublicD.R. Congo
67%
SloveniaHungary
67%
MalawiMozambique
67%
LaosMyanmar
67%
Central African RepublicSudan
67%
MalawiTanzania
67%
JordanIraq
63%
JordanSaudi Arabia
63%
BotswanaSouth Africa
60%
CroatiaHungary
57%
TajikistanAfghanistan
50%
CameroonChad
50%
PolandUkraine
50%
BotswanaNamibia
40%

Score Distribution

Percentile by Number Answered

Percent of People with Each Score

Your Score History

You have not taken this quiz